000 00465nam a2200157 i 4500
001 97992
003 ES-MaACL
005 20230906182210.0
007 t|
008 050721s1970 pr ||||1| spa d
100 1 _aMarqués, René.
_976982
245 1 0 _aDos dramas de amor, poder y desamor
_b: David y Jonatán. Tito y Berenice.
260 _aRio Piedras (Puerto Rico) :
_bAntillana,
_c1970.
300 _a101 p. ;
_c21 cm.
852 _aES-MaACL
_jC-39370
_bR.75977
999 _c97992
_d97992